000
00195 a2200097 4500
001
8281
100
_a
Kurz, M
245
_a
The Mountain world 1954
260
_a
_b
Allen
_c
090
_c
6660
_d
6660
942
_a
NUST-CAE
_c
M
_c
33223
999
_c
243354
_d
243354